| 000 | 01057nam a22002537a 4500 | ||
|---|---|---|---|
| 999 |
_c7322 _d7322 |
||
| 003 | AR-CdUCM | ||
| 008 | 190320b ||||| |||| 00| 0 spa d | ||
| 040 |
_aMUNICIPALIDAD PROVINCIAL DEL CUSCO _cBIBLIOTECA MUNICIPAL DEL CUSCO |
||
| 082 |
_a631.6 / _bP74 |
||
| 100 |
_aPoiree, Maurice Armand Auguste. _920642 |
||
| 245 |
_aSaneamiento Agricola : _bdrenaje en tubos porosos o zanjas reglamentación de las corrientes de agua y distribuidores / |
||
| 260 |
_aBarcelona : _bEds. Técnicos Asociados, _bClaraso, _c1966. |
||
| 300 |
_a395 paginas ; _bIlustrraciones, diagramas, mapas , planos, _c25 cm. |
||
| 500 | _aPautas para la Agricultura | ||
| 505 | _aContenido: Propiedades fisicas de los suelos -- el agua en el suelo -- el ciclo del agua en la naturalez -- principios y bases del saneamiento agricola... | ||
| 650 |
_aSaneamiento _920643 |
||
| 650 |
_aAgricultura _9320 |
||
| 650 |
_aNaturaleza _94241 |
||
| 650 |
_aDeslizamientos _920644 |
||
| 650 |
_aProcesos _98713 |
||
| 700 |
_aOllier, Charles _920645 |
||
| 942 |
_2ddc _cLIBROS |
||
| 945 | _apjhja | ||